[Event "Cto Aragón Equipos Pref Gr II"]
[Site "Aragon"]
[Date "2014.03.22"]
[Round "9.56"]
[White "Manzanares Saiz, Jose Manuel"]
[Black "San Lazaro Lorente, David"]
[Result "0-1"]
[WhiteElo "1681"]
[BlackElo "1778"]
[PlyCount "92"]
[EventDate "2014.??.??"]
[WhiteTeam "Actur Rey Fernando"]
[BlackTeam "Tauste B"]

1. e4 c6 2. Nf3 d5 3. exd5 cxd5 4. Bb5+ Bd7 5. Bxd7+ Nxd7 6. c3 e6 7. Qb3 Qc7
8. O-O Ngf6 9. d3 Bd6 10. h3 O-O 11. Be3 a6 12. Nbd2 Rac8 13. Rac1 Nc5 14. Bxc5
Bxc5 15. Rfe1 Nh5 16. Qc2 b5 17. d4 Bd6 18. Ne5 Qe7 19. Qd1 Nf6 20. Qf3 Nd7 21.
Qh5 Nxe5 22. dxe5 Bc5 23. Nf3 Qa7 24. Qh4 Rc7 25. Red1 Rfc8 26. Nd4 b4 27. c4
Be7 28. Qf4 Rxc4 29. Qd2 Rxc1 30. Rxc1 Rxc1+ 31. Qxc1 Qxd4 32. Qc8+ Bf8 33.
Qxa6 Qxe5 34. a4 bxa3 35. bxa3 Qa1+ 36. Kh2 Qxa3 37. Qb7 g6 38. g3 Kg7 39. Kg2
Qb4 40. Qa8 Qe4+ 41. Kg1 Bc5 42. Qa1+ Qd4 43. Qe1 Qxf2+ 44. Qxf2 Bxf2+ 45. Kxf2
f5 46. Ke3 e5 0-1

[Event "Cto Aragón Equipos Pref Gr II"]
[Site "Aragon"]
[Date "2014.03.22"]
[Round "9.58"]
[White "Sanmiguel Mateo, Luis"]
[Black "Jario Garcia, Ricardo"]
[Result "1/2-1/2"]
[WhiteElo "1900"]
[BlackElo "2120"]
[PlyCount "63"]
[EventDate "2014.??.??"]
[WhiteTeam "Calatayud"]
[BlackTeam "Marcos Frechin"]

1. d4 Nf6 2. Bg5 g6 3. Bxf6 exf6 4. c4 Bg7 5. Nc3 O-O 6. g3 d6 7. Bg2 c6 8. e3
Bd7 9. Nge2 Qc8 10. Nf4 Re8 11. h4 Bg4 12. Qb3 Nd7 13. Ne4 Qc7 14. O-O Nf8 15.
Rac1 Rad8 16. c5 d5 17. Nd6 Re7 18. Bxd5 g5 19. Bxf7+ Rxf7 20. Nxf7 Qxf7 21.
Qxf7+ Kxf7 22. hxg5 fxg5 23. Ng2 Bf3 24. b4 a6 25. a4 Ne6 26. Rb1 Nc7 27. Rfc1
Bf6 28. Rb2 h5 29. Ne1 Be4 30. f3 Bd5 31. Kf2 Be6 32. Rd1 1/2-1/2

[Event "Cto Aragón Equipos Pref Gr II"]
[Site "Aragon"]
[Date "2014.03.22"]
[Round "9.60"]
[White "Esteban Marin, Francisco"]
[Black "Ciriano Lamban, Alejandro"]
[Result "0-1"]
[WhiteElo "1614"]
[BlackElo "1818"]
[PlyCount "64"]
[EventDate "2014.??.??"]
[WhiteTeam "Calatayud"]
[BlackTeam "Marcos Frechin"]

1. e4 c5 2. Nf3 d6 3. Bc4 Nf6 4. Ng5 e6 5. Nc3 a6 6. a3 b5 7. Be2 Bb7 8. d3 Be7
9. f4 Nc6 10. Be3 d5 11. e5 Nd7 12. Bd2 Bxg5 13. fxg5 Ndxe5 14. O-O O-O 15. Qe1
Nd4 16. Bd1 Nec6 17. Na2 e5 18. c3 Ne6 19. Qg3 g6 20. Rf6 e4 21. Be2 Qb8 22.
Qf2 Ne5 23. d4 cxd4 24. cxd4 Nc6 25. Rf1 Ncxd4 26. Bb4 Nxe2+ 27. Qxe2 Qe5 28.
h4 d4 29. Qg4 e3 30. Qe2 Qe4 31. Nc1 d3 32. Nxd3 Nd4 0-1

[Event "Cto Aragón Equipos Pref Gr II"]
[Site "Aragon"]
[Date "2014.03.22"]
[Round "9.62"]
[White "Aguirre Izaguirre, Pedro Jose"]
[Black "Gracia Campo, Carlos Alberto"]
[Result "0-1"]
[WhiteElo "2206"]
[BlackElo "2049"]
[PlyCount "38"]
[EventDate "2014.??.??"]
[WhiteTeam "IberCaja B "]
[BlackTeam "El Olivar C"]

1. c4 e5 2. Nc3 Nf6 3. g3 g6 4. Bg2 Bg7 5. e4 O-O 6. Nge2 d6 7. O-O Be6 8. d3
c6 9. f4 Qb6+ 10. Kh1 Ng4 11. f5 Bd7 12. Qe1 Na6 13. h3 Ne3 14. Na4 Nxg2 15.
Nxb6 Nxe1 16. Nxd7 Rfd8 17. Bg5 Nc2 18. Rac1 Ncb4 19. Bxd8 Rxd8 0-1

[Event "Cto Aragón Equipos Pref Gr II"]
[Site "Aragon"]
[Date "2014.03.22"]
[Round "9.63"]
[White "Bailo Remacha, Santiago"]
[Black "Gines Esteo, Pedro Antonio"]
[Result "1-0"]
[WhiteElo "2016"]
[BlackElo "1778"]
[PlyCount "51"]
[EventDate "2014.??.??"]
[WhiteTeam "El Olivar C"]
[BlackTeam "IberCaja B "]

1. b3 e5 2. Bb2 Nc6 3. c4 d6 4. g3 Be6 5. Bg2 g6 6. f4 Bg7 7. Nf3 Nge7 8. O-O
h6 9. e4 O-O 10. d4 exd4 11. Nxd4 Nxd4 12. Bxd4 Bg4 13. Qd2 Nc6 14. Bxg7 Kxg7
15. f5 Qf6 16. Nc3 gxf5 17. exf5 Qd4+ 18. Qxd4+ Nxd4 19. Rf4 Ne2+ 20. Nxe2 Bxe2
21. Bxb7 Rae8 22. Be4 Bh5 23. g4 Kf6 24. Kf2 Bg6 25. fxg6+ Ke5 26. Kg3 1-0

[Event "Cto Aragón Equipos Pref Gr II"]
[Site "Aragon"]
[Date "2014.03.22"]
[Round "9.64"]
[White "Torcal Miguel, Oscar"]
[Black "Correas Marcen, Jose Maria"]
[Result "1-0"]
[WhiteElo "1697"]
[BlackElo "2005"]
[PlyCount "105"]
[EventDate "2014.??.??"]
[WhiteTeam "IberCaja B "]
[BlackTeam "El Olivar C"]

1. e4 c6 2. d4 g6 3. Nf3 Bg7 4. Nbd2 d6 5. b3 Nf6 6. Bb2 Qa5 7. Bd3 O-O 8. O-O
Bg4 9. h3 Bxf3 10. Nxf3 Nbd7 11. c4 Nh5 12. Qe1 Qxe1 13. Rfxe1 Nf4 14. Bc2 e5
15. Rad1 exd4 16. Bxd4 Ne5 17. Nxe5 dxe5 18. Be3 a5 19. Bxf4 exf4 20. Rd7 b5
21. cxb5 cxb5 22. Bd3 b4 23. Bc4 a4 24. Rb7 axb3 25. axb3 Rab8 26. Bxf7+ Kh8
27. Rxb8 Rxb8 28. e5 Rb7 29. e6 Bf6 30. Kf1 Kg7 31. Ke2 Kf8 32. Kf3 g5 33. Ke4
Ke7 34. Kd5 Rc7 35. Re4 Bc3 36. Re2 Bf6 37. Ra2 Bc3 38. Ra8 Bb2 39. Re8+ Kf6
40. Rh8 Kg7 41. Kd6 Rb7 42. Rd8 Kf6 43. Kc6 Re7 44. Kd6 Be5+ 45. Kd5 Bc3 46.
Bg8 h5 47. Bf7 h4 48. Rg8 Rc7 49. Rg6+ Kf5 50. Rh6 Bg7 51. e7 Rd7+ 52. Rd6 Rxe7
53. Bg6# 1-0

[Event "Cto Aragón Equipos Pref Gr II"]
[Site "Aragon"]
[Date "2014.03.22"]
[Round "9.65"]
[White "Planas Torrea, Francisco Javie"]
[Black "Fuertes Garay, Javier"]
[Result "1/2-1/2"]
[WhiteElo "2034"]
[BlackElo "2097"]
[PlyCount "117"]
[EventDate "2014.??.??"]
[WhiteTeam "Ejea"]
[BlackTeam "ONCE CA Aragon B"]

1. e4 e5 2. Nf3 Nc6 3. Bc4 Bc5 4. b4 Bxb4 5. c3 Ba5 6. d4 d6 7. O-O Bb6 8. Ba3
Qf6 9. d5 Nb8 10. Nbd2 Ne7 11. Bb5+ Bd7 12. Qa4 Bxb5 13. Qxb5+ Nd7 14. Nc4 Rd8
15. Nxb6 axb6 16. Qc4 Rc8 17. Qb5 Ng6 18. Bc1 h6 19. a4 Qd8 20. a5 Ra8 21. Be3
Rxa5 22. Rxa5 bxa5 23. Qxb7 O-O 24. Ra1 Nf6 25. Nd2 Ng4 26. Nf1 f5 27. exf5 Nh4
28. h3 Nxe3 29. Nxe3 Nxf5 30. Nxf5 Rxf5 31. Rxa5 Qh4 32. Ra2 e4 33. Qc8+ Rf8
34. Qe6+ Kh8 35. Re2 Qf4 36. Qxe4 Qc1+ 37. Kh2 Qxc3 38. Rc2 Qf6 39. Rxc7 Qxf2
40. Qg4 Qf6 41. Qg3 Re8 42. Rd7 Re5 43. Ra7 Rxd5 44. Ra8+ Kh7 45. Re8 Re5 46.
Qd3+ Qf5 47. Qxf5+ Rxf5 48. Rd8 Rf6 49. Rd7 Kg6 50. Kg3 Re6 51. Kf3 Kf6 52. h4
g6 53. g4 Ke5 54. Rh7 d5 55. Rxh6 Rf6+ 56. Ke2 d4 57. h5 gxh5 58. Rxf6 Kxf6 59.
gxh5 1/2-1/2

[Event "Cto Aragón Equipos Pref Gr II"]
[Site "Aragon"]
[Date "2014.03.22"]
[Round "9.66"]
[White "Ferrer Echavarri, Fco Javier"]
[Black "Planas Torrea, Alberto"]
[Result "1/2-1/2"]
[WhiteElo "1933"]
[BlackElo "1920"]
[PlyCount "72"]
[EventDate "2014.??.??"]
[WhiteTeam "ONCE CA Aragon B"]
[BlackTeam "Ejea"]

1. d4 d5 2. Nf3 c6 3. b3 e6 4. Bb2 Bd6 5. g3 Nd7 6. Bg2 f5 7. Nbd2 Ngf6 8. c4
O-O 9. O-O Ne4 10. Ne1 Qf6 11. Nd3 h5 12. Nf3 g5 13. Nfe5 Qg7 14. e3 g4 15. Nf4
Nxe5 16. dxe5 Bxe5 17. Bxe5 Qxe5 18. Ng6 Qf6 19. Nxf8 Kxf8 20. Bxe4 fxe4 21.
Qd4 Qxd4 22. exd4 Ke7 23. Rac1 Bd7 24. cxd5 exd5 25. Rc3 Kd6 26. Rfc1 Rf8 27.
Kf1 Kc7 28. a3 Rf6 29. b4 a6 30. a4 b6 31. Ke2 Kb7 32. Ke1 Kc7 33. b5 a5 34.
bxc6 Bxc6 35. Ra1 Kb7 36. Ra2 Kc7 1/2-1/2

[Event "Cto Aragón Equipos Pref Gr II"]
[Site "Aragon"]
[Date "2014.03.22"]
[Round "9.67"]
[White "Marcellan Peire, Jesus Eduardo"]
[Black "Landa Garriga, Francisco Javie"]
[Result "1-0"]
[WhiteElo "1886"]
[BlackElo "1857"]
[PlyCount "111"]
[EventDate "2014.??.??"]
[WhiteTeam "Ejea"]
[BlackTeam "ONCE CA Aragon B"]

1. d4 Nf6 2. c4 g6 3. Nc3 Bg7 4. e4 d6 5. f3 O-O 6. Be3 c6 7. Bd3 e5 8. Nge2
Nbd7 9. b4 exd4 10. Nxd4 c5 11. bxc5 dxc5 12. Nde2 b6 13. Qc2 Ne5 14. Rd1 Ba6
15. O-O Qe7 16. Qa4 Qb7 17. Qb3 Rfd8 18. Nc1 Rd7 19. Be2 Rad8 20. Rxd7 Rxd7 21.
Nd5 Nc6 22. Rd1 Ne8 23. f4 Na5 24. Qc2 Nd6 25. Bg4 Ndxc4 26. Bxd7 Nxe3 27. Nxe3
Bd4 28. Rxd4 cxd4 29. Nd5 Kg7 30. Bg4 Bc4 31. Bf3 Qd7 32. Nb3 Bxb3 33. axb3 Qb5
34. b4 Qc4 35. Qxc4 Nxc4 36. Kf2 a5 37. bxa5 bxa5 38. Ke2 Nb2 39. Kd2 a4 40.
Nb4 a3 41. Be2 Kf6 42. Nc2 a2 43. Na1 g5 44. g3 gxf4 45. gxf4 Ke7 46. Bb5 Kd6
47. Nb3 Kc7 48. Kc2 Kb6 49. Kxb2 Kxb5 50. Nxd4+ Kc4 51. Nf5 Kd3 52. Ng3 h5 53.
h4 Ke3 54. f5 Kf4 55. Kxa2 Kg4 56. e5 1-0

[Event "Cto Aragón Equipos Pref Gr II"]
[Site "Aragon"]
[Date "2014.03.22"]
[Round "9.68"]
[White "Soriano Gracia, Manuel"]
[Black "Galvez Longas, Isaac"]
[Result "1-0"]
[WhiteElo "1782"]
[BlackElo "1708"]
[PlyCount "86"]
[EventDate "2014.??.??"]
[WhiteTeam "ONCE CA Aragon B"]
[BlackTeam "Ejea"]

1. e4 e6 2. d4 d5 3. exd5 exd5 4. Bd3 Bd6 5. Qf3 Be6 6. Ne2 Qf6 7. Bf4 Bxf4 8.
Qxf4 Qxf4 9. Nxf4 g5 10. Ne2 Ne7 11. Nd2 Bf5 12. Bb5+ c6 13. Ba4 Nd7 14. O-O-O
O-O-O 15. Ng3 Bg6 16. Nf3 h6 17. Rde1 Nf5 18. Nxf5 Bxf5 19. c3 Rhe8 20. Rxe8
Rxe8 21. Re1 Rxe1+ 22. Nxe1 Nf6 23. f3 Kd7 24. Kd2 Ke6 25. Ke3 Nd7 26. Bd1 Bg6
27. f4 Be4 28. fxg5 hxg5 29. g3 f5 30. h4 Kf6 31. Nf3 Bxf3 32. Kxf3 Nf8 33. b3
b6 34. a4 c5 35. dxc5 bxc5 36. hxg5+ Kxg5 37. b4 Nd7 38. Be2 c4 39. Ke3 Kf6 40.
Kd4 Nb6 41. a5 Na4 42. Bf3 Nxc3 43. Kxc3 Ke5 1-0

[Event "Cto Aragón Equipos Pref Gr II"]
[Site "Aragon"]
[Date "2014.03.22"]
[Round "9.69"]
[White "Malo Guillen, Jose Luis"]
[Black "Sanchez Herrera, Miguel"]
[Result "0-1"]
[WhiteElo "2211"]
[BlackElo "2126"]
[PlyCount "130"]
[EventDate "2014.??.??"]
[WhiteTeam "Las Fuentes"]
[BlackTeam "St. Casablanca C"]

1. d4 d5 2. c4 e6 3. Nf3 Nf6 4. g3 dxc4 5. Bg2 Nbd7 6. O-O c6 7. a4 h6 8. Nfd2
e5 9. Nxc4 exd4 10. Qxd4 Bc5 11. Nd6+ Ke7 12. Nf5+ Kf8 13. Qc3 a5 14. Bf4 Kg8
15. Na3 Qb6 16. Nc4 Qb4 17. Qc2 Nb6 18. Ne5 Nbd5 19. Nxh6+ gxh6 20. Nd3 Bxf2+
21. Rxf2 Qb6 22. Bd6 h5 23. Bc5 Qd8 24. Raf1 Rh6 25. e4 b6 26. Bd4 Nb4 27. Nxb4
Qxd4 28. Nxc6 Qe3 29. Ne7+ Kf8 30. Nxc8 Ng4 31. Qc7 Rf6 32. Qd8+ Kg7 33. Qd2
Rxf2 34. Rxf2 Qxf2+ 35. Qxf2 Nxf2 36. Nxb6 Ra6 37. Nc4 Nd3 38. Bf3 Nc5 39. e5
Kg6 40. Bd1 Nd7 41. Bc2+ Kg7 42. Kf2 Rc6 43. b3 Nxe5 44. Be4 Ng4+ 45. Kg2 Rc5
46. h3 Ne5 47. Nxe5 Rxe5 48. Kf3 Rc5 49. Kf4 Kf6 50. Bf3 Rc3 51. Bd5 h4 52.
gxh4 Rxh3 53. Kg4 Rd3 54. Bc4 Rd4+ 55. Kh5 Kg7 56. Kg5 f6+ 57. Kh5 Re4 58. Bd3
Re3 59. Bc2 Rg3 60. Bf5 Rxb3 61. Bd7 Rb4 62. Be8 Kf8 63. Bc6 Ke7 64. Bb5 Ke6
65. Bc6 Ke5 0-1

[Event "Cto Aragón Equipos Pref Gr II"]
[Site "Aragon"]
[Date "2014.03.22"]
[Round "9.70"]
[White "Garcia Andres, Daniel"]
[Black "Alonso Blasco, Jose Miguel"]
[Result "1/2-1/2"]
[WhiteElo "2013"]
[BlackElo "2105"]
[PlyCount "67"]
[EventDate "2014.??.??"]
[WhiteTeam "St. Casablanca C"]
[BlackTeam "Las Fuentes"]

1. e4 c6 2. d4 d5 3. exd5 cxd5 4. c4 Nf6 5. Nc3 e6 6. Nf3 Bb4 7. a3 Bxc3+ 8.
bxc3 O-O 9. c5 b6 10. cxb6 Qxb6 11. Bd3 Ba6 12. O-O Rc8 13. Rb1 Qa5 14. Bf4
Nbd7 15. Bxa6 Qxa6 16. Rb3 Ne4 17. Qc2 Qc4 18. Rc1 f6 19. h4 Nb6 20. Nd2 Nxd2
21. Bxd2 Qe2 22. Re1 Qg4 23. Re3 Qxd4 24. Rxe6 Qa4 25. Qa2 Qd7 26. Re3 Qg4 27.
Rg3 Qxh4 28. Be3 Qc4 29. Bxb6 axb6 30. Qb2 Re8 31. Rxb6 Re1+ 32. Kh2 Qh4+ 33.
Rh3 Qf4+ 34. Rg3 1/2-1/2

[Event "Cto Aragón Equipos Pref Gr II"]
[Site "Aragon"]
[Date "2014.03.22"]
[Round "9.71"]
[White "Mombiela De Sus, Jose Luis"]
[Black "Calvo Mayayo, Jose Maria"]
[Result "1-0"]
[WhiteElo "2050"]
[BlackElo "1931"]
[PlyCount "103"]
[EventDate "2014.??.??"]
[WhiteTeam "Las Fuentes"]
[BlackTeam "St. Casablanca C"]

1. c4 e5 2. g3 Nc6 3. Bg2 g6 4. Nc3 Bg7 5. e4 d6 6. d3 f5 7. Nge2 Nf6 8. O-O
O-O 9. Nd5 Nh5 10. exf5 Bxf5 11. h3 Be6 12. Be3 Qd7 13. Kh2 Rf7 14. Rc1 Raf8
15. d4 exd4 16. Nxd4 Nxd4 17. Bxd4 c6 18. Bxg7 Kxg7 19. Nc3 Nf6 20. b3 Kg8 21.
Qd4 b6 22. Rcd1 Rd8 23. Rfe1 d5 24. cxd5 Bxd5 25. Nxd5 Nxd5 26. h4 Qf5 27. f4
Qf6 28. Re5 Kg7 29. Kg1 Nxf4 30. Qxd8 Qxe5 31. gxf4 Qe3+ 32. Kh1 c5 33. Qg5
Qxf4 34. Qxf4 Rxf4 35. Rd7+ Kh6 36. h5 Rh4+ 37. Kg1 Rxh5 38. Rxa7 Rf5 39. Rc7
Rf4 40. Rc6 Rb4 41. Kf2 Kg5 42. Ke3 Kg4 43. Be4 Kg5 44. Rc7 Kh6 45. Rb7 b5 46.
Bd3 Rh4 47. Rxb5 Rh3+ 48. Kd2 Rh2+ 49. Be2 g5 50. Rxc5 g4 51. Rc4 g3 52. Rg4
1-0

[Event "Cto Aragón Equipos Pref Gr II"]
[Site "Aragon"]
[Date "2014.03.22"]
[Round "9.72"]
[White "Lafarga Bueno, Daniel"]
[Black "Roman Gimeno, Javier"]
[Result "1-0"]
[WhiteElo "1863"]
[BlackElo "1935"]
[PlyCount "81"]
[EventDate "2014.??.??"]
[WhiteTeam "St. Casablanca C"]
[BlackTeam "Las Fuentes"]

1. c4 Nf6 2. g3 g6 3. Bg2 Bg7 4. Nc3 O-O 5. d4 d6 6. e4 Nbd7 7. Nge2 e5 8. d5
Nb6 9. b3 Ne8 10. Be3 f5 11. Qd2 fxe4 12. Nxe4 Nf6 13. Nxf6+ Qxf6 14. O-O Qe7
15. Rae1 Bg4 16. f3 Bf5 17. Nc3 Rae8 18. a4 Bc8 19. a5 Nd7 20. Nb5 Nf6 21. Nxa7
Bf5 22. Nb5 Ra8 23. g4 Bc8 24. h3 Qd8 25. b4 Bd7 26. Nc3 Qc8 27. f4 Bxg4 28.
hxg4 Nxg4 29. Bh3 h5 30. Ne4 Qd8 31. Bxg4 hxg4 32. Ng5 exf4 33. Bxf4 Rf5 34.
Re6 Bf6 35. Ne4 Qf8 36. Kg2 Qg7 37. Nxf6+ Rxf6 38. Be5 Qh7 39. Rfxf6 Qh3+ 40.
Kg1 dxe5 41. Rxg6+ 1-0

[Event "Cto Aragón Equipos  Div Honor F. Titulo"]
[Site "Aragon"]
[Date "2014.03.29"]
[Round "10.1"]
[White "Forcen Esteban, Daniel"]
[Black "Del Rey, Diego"]
[Result "1/2-1/2"]
[WhiteElo "2501"]
[BlackElo "2373"]
[PlyCount "122"]
[EventDate "2014.??.??"]
[WhiteTeam "Jaime Casas"]
[BlackTeam "El Olivar"]

1. e4 e6 2. d4 d5 3. Nc3 Nf6 4. Bg5 h6 5. Bxf6 Qxf6 6. exd5 Bb4 7. Bb5+ c6 8.
dxc6 bxc6 9. Be2 O-O 10. Nf3 Rd8 11. O-O c5 12. Ne4 Qf4 13. c3 Qxe4 14. cxb4
Bb7 15. bxc5 Nc6 16. Qd3 Qd5 17. Rfd1 a5 18. Qc3 Ne7 19. Ne1 Qg5 20. Qe3 Qf6
21. Qe5 Nf5 22. Qxf6 gxf6 23. Nc2 Rac8 24. Rac1 Be4 25. Bd3 Nxd4 26. Nxd4 Rxd4
27. Bxe4 Rxe4 28. c6 Kf8 29. Rc2 Rc7 30. f3 Rb4 31. Rd8+ Ke7 32. Ra8 Rb5 33. b3
f5 34. Kf2 f4 35. Rc4 Rd5 36. Ke2 Rg5 37. Kf2 Rd5 38. Rxf4 Rd2+ 39. Kg3 f5 40.
Rc4 Rxa2 41. b4 Kd6 42. Kh3 Rxc6 43. Rxc6+ Kxc6 44. Ra6+ Kd7 45. Ra7+ Kd6 46.
bxa5 e5 47. a6 e4 48. fxe4 fxe4 49. Rh7 Ke5 50. Rxh6 e3 51. Kg3 Ke4 52. h4 Ra1
53. Re6+ Kd3 54. Rd6+ Ke4 55. Re6+ Kd3 56. Kf3 Rf1+ 57. Kg4 e2 58. h5 Ra1 59.
Kf3 Rf1+ 60. Kg4 Ra1 61. Kf3 Rf1+ 1/2-1/2

[Event "Cto Aragón Equipos  Div Honor F. Titulo"]
[Site "Aragon"]
[Date "2014.03.29"]
[Round "10.2"]
[White "Chueca Forcen, Alberto"]
[Black "Antoli Royo, Joaquin Miguel"]
[Result "0-1"]
[WhiteElo "2326"]
[BlackElo "2418"]
[PlyCount "104"]
[EventDate "2014.??.??"]
[WhiteTeam "El Olivar"]
[BlackTeam "Jaime Casas"]

1. d4 Nf6 2. c4 c5 3. d5 e5 4. Nc3 d6 5. e4 Be7 6. Bd3 Nbd7 7. Nge2 Nf8 8. f4
exf4 9. Nxf4 Ng6 10. O-O Nd7 11. h3 Nde5 12. a3 O-O 13. Kh2 Bg5 14. b4 Nxf4 15.
Bxf4 Bxf4+ 16. Rxf4 cxb4 17. axb4 Qb6 18. Be2 Qxb4 19. Qd4 Bd7 20. Rb1 Qa5 21.
Rxb7 Rfb8 22. Rxb8+ Rxb8 23. Nb5 Bxb5 24. cxb5 Rc8 25. Rf1 Qa2 26. Bg4 Rc2 27.
Rg1 g6 28. Bd1 Rc4 29. Qe3 Qa5 30. Be2 Rc3 31. Qg5 Rc2 32. Bd1 Rb2 33. Qe7 Qb6
34. Rf1 Rd2 35. Bg4 Qxb5 36. Qd8+ Kg7 37. Qf6+ Kg8 38. Be6 Qe8 39. Ra1 fxe6 40.
Rxa7 Qf8 41. Qxf8+ Kxf8 42. dxe6 h5 43. Kg3 g5 44. h4 Rd3+ 45. Kf2 gxh4 46. Rh7
Ng4+ 47. Ke2 Re3+ 48. Kd2 Rxe4 49. Rxh5 Nf6 50. Rh6 Ke7 51. Kd3 Rg4 52. Ke3
Kxe6 0-1

[Event "Cto Aragón Equipos  Div Honor F. Titulo"]
[Site "Aragon"]
[Date "2014.03.29"]
[Round "10.3"]
[White "Ramiro Ovejero, Juan Luis"]
[Black "Palacios Latasa, Elias"]
[Result "1-0"]
[WhiteElo "2390"]
[BlackElo "2232"]
[PlyCount "65"]
[EventDate "2014.??.??"]
[WhiteTeam "Jaime Casas"]
[BlackTeam "El Olivar"]

1. e4 d5 2. exd5 Nf6 3. Nf3 Nxd5 4. d4 g6 5. c4 Nb6 6. h3 Bg7 7. Nc3 O-O 8. Be3
Nc6 9. Qd2 e5 10. d5 Na5 11. b3 c6 12. Rd1 cxd5 13. cxd5 Re8 14. Nb5 e4 15. Ng5
h6 16. Nxf7 Kxf7 17. Qxa5 Nxd5 18. Qxd8 Rxd8 19. Bc4 Be6 20. Bxd5 Rxd5 21. Rxd5
Bxd5 22. Ke2 Bc6 23. Nxa7 Ke6 24. Rc1 Kd5 25. Rc2 h5 26. a4 Be5 27. Nxc6 bxc6
28. Bb6 Rb8 29. a5 Bd4 30. Rd2 c5 31. b4 Rf8 32. Bxc5 Rxf2+ 33. Ke1 1-0

[Event "Cto Aragón Equipos  Div Honor F. Titulo"]
[Site "Aragon"]
[Date "2014.03.29"]
[Round "10.4"]
[White "Hernando Garcia, Antonio"]
[Black "Fontana Sotomayor, Luis Javier"]
[Result "0-1"]
[WhiteElo "2185"]
[BlackElo "2323"]
[PlyCount "90"]
[EventDate "2014.??.??"]
[WhiteTeam "El Olivar"]
[BlackTeam "Jaime Casas"]

1. c4 f5 2. Nf3 Nf6 3. g3 e6 4. Bg2 c6 5. O-O d5 6. d4 Bd6 7. b3 Qe7 8. a4 a5
9. c5 Bc7 10. Bf4 Bxf4 11. gxf4 O-O 12. Ne5 Ng4 13. Nd2 Nxe5 14. fxe5 f4 15. e3
Qg5 16. Nf3 Qh6 17. Qd2 Bd7 18. Rac1 Be8 19. exf4 Rxf4 20. Rc3 Bh5 21. Ne1 Na6
22. Rg3 Kh8 23. Nc2 Raf8 24. Ne3 Nb4 25. Nd1 Bg4 26. Ne3 Bf3 27. Bxf3 Rxf3 28.
Rxf3 Rxf3 29. Rd1 Qg6+ 30. Ng2 Nd3 31. Qxa5 h6 32. Rxd3 Rxd3 33. h4 Rxd4 34.
Kf1 Rd1+ 35. Ne1 Qd3+ 36. Kg2 Qe4+ 37. Kf1 Qd3+ 38. Kg2 Qe2 39. Nf3 Rd3 40.
Qd8+ Kh7 41. Qf8 Qe4 42. Kg3 h5 43. Qf4 Rxb3 44. a5 Ra3 45. a6 bxa6 0-1

[Event "Cto Aragón Equipos  Div Honor F. Titulo"]
[Site "Aragon"]
[Date "2014.03.29"]
[Round "10.5"]
[White "Garcia Vicente, Nieves"]
[Black "Adla, Diego"]
[Result "1/2-1/2"]
[WhiteElo "2239"]
[BlackElo "2471"]
[PlyCount "56"]
[EventDate "2014.??.??"]
[WhiteTeam "Caissa-Hnos Cortes"]
[BlackTeam "St. Casablanca"]

1. d4 Nf6 2. c4 e6 3. Nc3 Bb4 4. e3 Bxc3+ 5. bxc3 d6 6. Bd3 e5 7. e4 Qe7 8. f3
Nh5 9. Ne2 Nc6 10. O-O g5 11. Be3 Rg8 12. Bc2 Bd7 13. c5 dxc5 14. dxc5 Nf4 15.
Ng3 O-O-O 16. Qb1 g4 17. Qb3 Be6 18. Qb5 a6 19. Qa4 gxf3 20. Rxf3 h5 21. Kh1 h4
22. Nf5 Qf6 23. Rf2 Bxf5 24. exf5 Nd3 25. Rf3 Qg7 26. Rg1 Qg4 27. Qxg4 Rxg4 28.
h3 Rgg8 1/2-1/2

[Event "Cto Aragón Equipos  Div Honor F. Titulo"]
[Site "Aragon"]
[Date "2014.03.29"]
[Round "10.6"]
[White "Glavina, Pablo"]
[Black "Gil Capape, Marco Antonio"]
[Result "1-0"]
[WhiteElo "2444"]
[BlackElo "2061"]
[PlyCount "81"]
[EventDate "2014.??.??"]
[WhiteTeam "St. Casablanca"]
[BlackTeam "Caissa-Hnos Cortes"]

1. d4 Nf6 2. c4 e6 3. g3 d5 4. Bg2 Be7 5. Nf3 O-O 6. O-O dxc4 7. Qc2 a6 8. a4
a5 9. Qxc4 Nc6 10. Nc3 Nb4 11. Rd1 c6 12. e4 Bd7 13. Bf4 Rc8 14. Rd2 b5 15. Qe2
Qb6 16. Ne5 Be8 17. Be3 bxa4 18. Nxa4 Qb8 19. Nc4 c5 20. d5 exd5 21. exd5 Bb5
22. Nc3 Ba6 23. Bf4 Qa7 24. d6 Bd8 25. b3 Nc6 26. Qd1 Nd7 27. Nd5 Re8 28. Nc7
Bxc7 29. dxc7 Nd4 30. Rxa5 Re6 31. b4 Rce8 32. Ne3 Qb6 33. Rxa6 Qxa6 34. bxc5
g5 35. Bxg5 Ne2+ 36. Rxe2 Nxc5 37. Bd8 Rd6 38. Rd2 Rxd2 39. Qxd2 Qa1+ 40. Nf1
Qa6 41. Qg5+ 1-0

[Event "Cto Aragón Equipos  Div Honor F. Titulo"]
[Site "Aragon"]
[Date "2014.03.29"]
[Round "10.8"]
[White "Quintin Navarro, Alberto"]
[Black "Garcia Lopez, Alberto Jose"]
[Result "1-0"]
[WhiteElo "2320"]
[BlackElo "1956"]
[PlyCount "49"]
[EventDate "2014.??.??"]
[WhiteTeam "St. Casablanca"]
[BlackTeam "Caissa-Hnos Cortes"]

1. d4 Nf6 2. Nf3 g6 3. Bg5 Bg7 4. Nbd2 d6 5. e4 O-O 6. c3 c6 7. Be2 Nbd7 8. O-O
e5 9. Re1 Qc7 10. Bf1 h6 11. Bh4 g5 12. Bg3 Nh5 13. dxe5 Nxg3 14. exd6 Qb6 15.
Nc4 Qd8 16. hxg3 b5 17. Ne3 b4 18. Qd2 bxc3 19. bxc3 Re8 20. Nf5 Bf8 21. e5
Nxe5 22. Rxe5 Rxe5 23. Nxh6+ Bxh6 24. Nxe5 Be6 25. Nxc6 1-0

[Event "Cto Aragón Equipos  Div Honor F. Titulo"]
[Site "Aragon"]
[Date "2014.03.29"]
[Round "10.9"]
[White "Villuendas Valero, Adrian"]
[Black "Llanes Luno, Ricardo"]
[Result "0-1"]
[WhiteElo "2276"]
[BlackElo "2193"]
[PlyCount "100"]
[EventDate "2014.??.??"]
[WhiteTeam "St. Casablanca B"]
[BlackTeam "Delicias"]

1. d4 d5 2. Bf4 Nf6 3. e3 c5 4. c3 Nc6 5. Nd2 e6 6. Ngf3 Bd6 7. Bg3 O-O 8. Bd3
b6 9. Ne5 Bb7 10. O-O Rc8 11. f4 Ne7 12. Bh4 Nf5 13. Bxf6 gxf6 14. Ng4 Nh4 15.
f5 Kh8 16. Nh6 Qc7 17. Nf3 Nxf5 18. Nxf5 exf5 19. Nh4 Rg8 20. Nxf5 Rg5 21. h4
Bh2+ 22. Kh1 Rg6 23. Qh5 Rcg8 24. Rf2 Bc8 25. Raf1 Bg3 26. Rf3 Bxf5 27. Bxf5
R6g7 28. Bh3 Qe7 29. Qxd5 Bxh4 30. Bf5 Bg3 31. Qd7 Qf8 32. Bh3 cxd4 33. exd4
Bh4 34. d5 Qb8 35. Qa4 Bg5 36. Qd4 Rd8 37. Re1 Qd6 38. c4 Rgg8 39. a3 a5 40.
Rf2 Rde8 41. Rfe2 Rxe2 42. Rxe2 Rd8 43. Bf5 Kg7 44. Bd3 Qg3 45. b4 Bf4 46. Kg1
Be5 47. Qe4 Qh2+ 48. Kf2 axb4 49. axb4 Ra8 50. c5 Qg3+ 0-1

[Event "Cto Aragón Equipos  Div Honor F. Titulo"]
[Site "Aragon"]
[Date "2014.03.29"]
[Round "10.10"]
[White "Roche Simon, Manuel Angel"]
[Black "Gomez Anadon, Daniel"]
[Result "0-1"]
[WhiteElo "2142"]
[BlackElo "2244"]
[PlyCount "62"]
[EventDate "2014.??.??"]
[WhiteTeam "Delicias"]
[BlackTeam "St. Casablanca B"]

1. e4 c5 2. Nf3 d6 3. d4 cxd4 4. Nxd4 Nf6 5. Nc3 e5 6. Nb3 Be7 7. h3 Be6 8. f4
exf4 9. Bxf4 Nc6 10. Qe2 a6 11. O-O-O Qc7 12. g4 O-O 13. g5 Nd7 14. Kb1 b5 15.
h4 Rfe8 16. Qg2 Nce5 17. h5 Nb6 18. Nd4 Bf8 19. Bd3 g6 20. Nd5 Bxd5 21. exd5
Bg7 22. hxg6 hxg6 23. Nb3 Nbc4 24. Bc1 a5 25. Rh4 Nxd3 26. Rxd3 Re1 27. Rh1
Rae8 28. Rd1 R1e2 29. Qh3 Na3+ 30. Ka1 Qxc2 31. Nd2 Qb1+ 0-1

[Event "Cto Aragón Equipos  Div Honor F. Titulo"]
[Site "Aragon"]
[Date "2014.03.29"]
[Round "10.11"]
[White "Gimenez Martinez, Alberto"]
[Black "Llanes Luno, Pedro Alfredo"]
[Result "0-1"]
[WhiteElo "2180"]
[BlackElo "2127"]
[PlyCount "48"]
[EventDate "2014.??.??"]
[WhiteTeam "St. Casablanca B"]
[BlackTeam "Delicias"]

1. e4 c5 2. Nf3 d6 3. d4 cxd4 4. Nxd4 Nf6 5. Nc3 a6 6. Be3 e5 7. Nb3 Be7 8. f3
Be6 9. Qd2 O-O 10. O-O-O Qc7 11. g4 Rc8 12. g5 Nh5 13. h4 Ng3 14. Rh2 Nxf1 15.
Rxf1 a5 16. a4 Nd7 17. Qf2 Ra6 18. Kb1 Qc4 19. Rd1 Qb4 20. Rd5 Rxc3 21. bxc3
Qxa4 22. Rd3 Qb5 23. c4 Bxc4 24. Rc3 a4 0-1